000 00610cam a2200181 4500
008 000000n1999 000 0 eng u
020 _a0117023272
035 _a(Sirsi) u100103
041 _aENG
050 _a692.8
110 _aProperty Advisers to the Civil Estate
_93610
245 _aGC/WORKS/1 with quantities construction management trade contract general conditions (1999). Contract for building and engineering major works, general conditions.
260 _aLondon
_bStationery Office
_c1999
300 _a73p. ; 30cm.
650 _aBUILT ENVIRONMENT
690 _aContracts
_96232
942 _n0
999 _c99592
_d99592